Name every military alliance (More than 2 nations) - Statistics

General Stats
  • This quiz has been taken 19 times
  • The average score is 1 of 9
Answer Stats
Answer % Correct
NATO
100%
CSTO
11%
ANZAC
6%
UNC
6%
AUKUS
0%
BALTRON
0%
FPDA
0%
GUAM
0%
NORAD
0%
No matching quizzes found
Score Distribution
Percent of People with Each Score
Percentile by Number Answered
Your Score History
You have not taken this quiz